000 01550nam a2200385 i 4500
001 195676
003 SpMaBN
005 20260216183927.0
008 240702s2018 sp a | ||||o000 0 spa
017 _aCC 253-2018
_bOficina Depósito Legal Cáceres
035 _a(OCoLC)1142960653
035 _aa6390236
040 _aSpMaBN
_bspa
_cSpMaBN
_erda
_dES-MaACL
080 _a351.852/.855(460.251 Garciaz)
080 _a94(460.251 Garciaz)
100 1 _aRamos Rubio, José Antonio,
_d1963-
_eaut
_9174430
245 1 3 _aLa historia y el arte de la "muy ilustre villa" de Garciaz /
_cJosé Antonio Rubio, Óscar de San Macario Sánchez.
250 _aCáceres, agosto de 2018
264 1 _aCáceres :
_bDiputación Provincial de Cáceres,
_c[2018]
300 _a279 páginas :
_bfotografías (color), planos (blanco y negro y color) ;
_c23 cm
336 _aTexto
_aImagen fija
_2rdacontent
337 _asin mediación
_2rdamedia
338 _avolumen
_2rdacarrier
500 _aIncluye apéndice documental
504 _aBibliografía: páginas 221-231
650 7 _aPatrimonio cultural
_zGarciaz
_2embne
_9237333
651 7 _aGarciaz
_vHistoria
_2embne
_9237334
700 _aSan Macario Sánchez, Óscar de
_9235664
_eaut
852 _aES-MaACL
_bR.153063
_cDEPOJ
_jN-8392
_hDonación: José Antonio Ramos Rubio
_9204208
903 _aRamos Rubio, José Antonio,
_d1963-
_ednr
_9174430
942 _cMONOGRAFIA
_n0
999 _c195676
_d195676